000 02459nam0a2200493 4500
001 RU\NLR\BIBL_A\011955223
005 20250809113059.0
020 _aRU
_9Ленинград в Великой Отечественной войне. Коллекция. Афиши
035 _a(NLR Aleph) 011955223
090 _a65446
_c65446
100 _a20190307d1944 u y0rusy50 ca
101 0 _arus
102 _aRU
105 _ay z 000zy
135 _acrcn 024anaba
200 1 _aЕжедневно гастроли Л. Прохорова и Н. Байда
_e(эксцентрика)
_e[афиша]
_fУправление по делам искусств Исполкома Ленгорсовета, Сад отдыха
210 _a[Ленинград]
_cЛТ УН-9
_d[1944]
215 _a1 л.
_d27х72
300 _aНачало в 19 ч. 30 м.
300 _aЗак. 1487
325 _aКопия доступна в Электрон. б-ке РНБ
606 1 _aТеатральная жизнь
_yЛенинград, город
_z1941 - 1944
_jАфиши
_2nlr_sh2
_3RU\NLR\AUTH\6601649837
686 _aЩ333(2Р=Рус)7- 692Ленинград
702 1 _aПрохорова
_bЛ.
_cартистка цирка, акробат
_3RU\NLR\AUTH\770203212
_4005
702 1 _aБайда
_bИ. Л.
_cартист цирка и эстрады
_f1914-1991
_gИван Лукьянович
_3RU\NLR\AUTH\770203198
_4005
712 0 2 _aСад отдыха
_cЛенинград
_3RU\NLR\AUTH\880496595
_4570
852 _aNLR
_jЛ3-330а/23-1/1/1944 а(1)
856 0 _uhttp://vivaldi.nlr.ru/ll000010652/view
856 1 _uhttp://vivaldi.nlr.ru/ll000010652/cover
856 2 _uhttp://vivaldi.nlr.ru/ll000010652/text
942 _cVISUAL
945 _aРоссийская национальная библиотека
980 _aNB
980 _aBV
980 3 _akplen
980 3 _akp
981 3 7 _a(37) Ленинград в Великой Отечественной войне
_b(37) Афиши блокадного Ленинграда